Tennis "Give it a go" : Volley Serve (Part 2) [
| Format: | Book |
|---|---|
| Published: |
Barry Willian Production ,
n.d.
|
| Subjects: |
MARC
| LEADER | 00000cam a2200000 7i4500 | ||
|---|---|---|---|
| 001 | 0000005291 | ||
| 005 | 20110723.0 | ||
| 040 | |a INS | ||
| 090 | 0 | 0 | |a VCD 499 |
| 245 | 0 | 0 | |a Tennis "Give it a go" : |b Volley Serve (Part 2) [ |h video disc] |
| 260 | |b Barry Willian Production , |c n.d. | ||
| 300 | |a 1 videodisc (51 min. : |b sd., col. ; |c 4 3/4 in. | ||
| 500 | |a Also available in vhs format : VHS 167 | ||
| 650 | 0 | 0 | |a Tennis |
| 999 | |a VCD0000499 |b VIDEO CD |c Media Collection |e Default branch | ||